Программирование на IBM/360: пер. с англ.

Detaylı Bibliyografya
Yazar: Джермейн К. Б. Кларенс Б.
Diğer Yazarlar: Штаркман В. С. (редактор)
Özet:Исключено из фонда НТБ ТПУ
Dil:Rusça
Baskı/Yayın Bilgisi: Москва, Мир, 1973
Edisyon:Изд. 2-е , стер.
Materyal Türü: Kitap
KOHA link:https://koha.lib.tpu.ru/cgi-bin/koha/opac-detail.pl?biblionumber=77750

MARC

LEADER 00000nam0a2200000 4500
001 77750
005 20231031093328.0
035 |a (RuTPU)RU\TPU\book\83352 
035 |a RU\TPU\book\83351 
090 |a 77750 
100 |a 20050526d1973 km y0rusy50 ca 
101 1 |a rus  |c eng 
102 |a RU 
105 |a a z 001zy 
200 1 |a Программирование на IBM/360  |e пер. с англ.  |f К. Б. Джермейн  |g под ред. В. С. Штаркмана 
205 |a Изд. 2-е , стер. 
210 |a Москва  |c Мир  |d 1973 
215 |a 870 с.  |c ил. 
333 |a Исключено из фонда НТБ ТПУ 
700 1 |a Джермейн  |b К. Б.  |g Кларенс Б. 
702 1 |a Штаркман  |b В. С.  |4 340 
801 1 |a RU  |b 63413507  |c 20041106  |g PSBO 
801 2 |a RU  |b 63413507  |c 20210113  |g PSBO 
942 |c BK